| 000 | 00769nmc a2200289 a 4500 | ||
|---|---|---|---|
| 003 | AR-BaBNM | ||
| 005 | 20251128203507.0 | ||
| 008 | 116119s1962 ||||||||||||||000 | spa|| | ||
| 040 | _cAR-BaBNM | ||
| 100 | 1 | _aBloch, Jules | |
| 245 | 1 | 0 | _aLos gitanos |
| 260 |
_aBuenos Aires _bEudeba _c1962 |
||
| 300 | 0 | _a61 p. | |
| 490 | 0 |
_aCuadernos de Eudeba _vv. 65 |
|
| 500 | 0 | _aContiene referencias bibliográficas en p. 60 | |
| 650 | 4 | _aETNOGRAFIA | |
| 650 | 4 | _aANTROPOLOGIA CULTURAL Y SOCIAL | |
| 650 | 4 | _aEDAD MEDIA | |
| 650 | 4 | _aGRUPOS ETNICOS | |
| 650 | 4 | _aCOSTUMBRES Y TRADICIONES | |
| 650 | 4 | _aETNOLOGIA | |
| 650 | 4 | _aGITANOS | |
| 700 | 1 |
_aGuibourg, Augusto A. _etraductor |
|
| 700 | 1 |
_aGuibourg, Ricardo A. _etraductor |
|
| 942 | _cBK | ||
| 998 | _cMARTIN | ||
| 999 |
_c3644 _d3644 |
||